Risk assessment: origins, evolution and implications for practice
| Autores principales: | ; |
|---|---|
| Tipo de documento: | Print Libro |
| Lenguaje: | Inglés |
| Publicado: |
Cham Heidelberg [u.a.]
Springer
2015
|
| En: | Año: 2015 |
| Acceso en línea: |
Portada Índice |
| Disponibilidad en Tübingen: | Disponible en Tübingen. UB: KB 9 E 2647 |
| Verificar disponibilidad: | HBZ Gateway |
| Servicio de pedido Subito: | Pedir ahora. |
| Palabras clave: |
MARC
| LEADER | 00000cam a2200000 c 4500 | ||
|---|---|---|---|
| 001 | 1614272883 | ||
| 003 | DE-627 | ||
| 005 | 20251225195447.0 | ||
| 007 | tu | ||
| 008 | 150413s2015 xx ||||| 00| ||eng c | ||
| 020 | |a 9783319170572 |9 978-3-319-17057-2 | ||
| 035 | |a (DE-627)1614272883 | ||
| 035 | |a (DE-576)429182058 | ||
| 035 | |a (DE-599)BSZ429182058 | ||
| 035 | |a (OCoLC)908612087 | ||
| 040 | |a DE-627 |b ger |c DE-627 |e rakwb | ||
| 041 | |a eng | ||
| 072 | 7 | |a MMJT |2 bicssc | |
| 072 | 7 | |a MQU |2 bicssc | |
| 072 | 7 | |a PSY028000 |2 bisacsh | |
| 082 | 0 | |a 616.8914 |q SEPA | |
| 084 | |a 2,1 |2 ssgn | ||
| 100 | 1 | |a Shapiro, David L. |d 1943- |0 (DE-588)1071747797 |0 (DE-627)826315089 |0 (DE-576)16480739X |4 aut | |
| 109 | |a Shapiro, David L. 1943- | ||
| 245 | 1 | 0 | |a Risk assessment |b origins, evolution and implications for practice |c David L. Shapiro; Angela M. Noe |
| 264 | 1 | |a Cham |a Heidelberg [u.a.] |b Springer |c 2015 | |
| 300 | |a X, 61 S. | ||
| 336 | |a Text |b txt |2 rdacontent | ||
| 337 | |a ohne Hilfsmittel zu benutzen |b n |2 rdamedia | ||
| 338 | |a Band |b nc |2 rdacarrier | ||
| 490 | 0 | |a SpringerBriefs in psychology |a Behavioral criminology | |
| 583 | 1 | |a Archivierung/Langzeitarchivierung gewährleistet |f SSG |x XA-DE-BW |2 pdager |5 DE-21 | |
| 689 | 0 | 0 | |d s |0 (DE-588)4131534-0 |0 (DE-627)105694398 |0 (DE-576)209628057 |a Gerichtliche Psychologie |2 gnd |
| 689 | 0 | 1 | |d s |0 (DE-588)4157237-3 |0 (DE-627)105502421 |0 (DE-576)209832878 |a Gewalttätigkeit |2 gnd |
| 689 | 0 | 2 | |d s |0 (DE-588)4137042-9 |0 (DE-627)10427932X |0 (DE-576)209674318 |a Risikoanalyse |2 gnd |
| 689 | 0 | |5 (DE-627) | |
| 700 | 1 | |a Noe, Angela M. |0 (DE-588)1071748041 |0 (DE-627)826315860 |0 (DE-576)429168608 |4 aut | |
| 776 | 1 | |o 10.1007/978-3-319-17058-9 | |
| 776 | 1 | |z 9783319170589 | |
| 856 | 4 | 2 | |u https://swbplus.bsz-bw.de/bsz429182058inh.htm |m V:DE-576;B:DE-21 |q application/pdf |v 20150605091518 |3 Inhaltsverzeichnis |7 1 |
| 856 | 4 | 2 | |u https://swbplus.bsz-bw.de/bsz429182058cov.jpg |m V:DE-576 |m X:springer |q image/jpeg |v 20150618172824 |3 Cover |7 1 |
| 951 | |a BO | ||
| ELC | |b 1 | ||
| LOK | |0 000 xxxxxcx a22 zn 4500 | ||
| LOK | |0 001 3182215043 | ||
| LOK | |0 003 DE-627 | ||
| LOK | |0 004 1614272883 | ||
| LOK | |0 005 20150529154959 | ||
| LOK | |0 008 150413||||||||||||||||ger||||||| | ||
| LOK | |0 040 |a DE-21 |c DE-627 |d DE-21 | ||
| LOK | |0 852 |a DE-21 | ||
| LOK | |0 852 1 |c KB 9 E 2647 |9 00 | ||
| LOK | |0 935 |a krim | ||
| LOK | |0 938 |a 1505 |f 34 | ||
| LOK | |0 939 |a 13-04-15 |b l01 | ||
| LOK | |0 000 xxxxxcx a22 zn 4500 | ||
| LOK | |0 001 3490683048 | ||
| LOK | |0 003 DE-627 | ||
| LOK | |0 004 1614272883 | ||
| LOK | |0 005 20190821153514 | ||
| LOK | |0 008 190703||||||||||||||||ger||||||| | ||
| LOK | |0 040 |a DE-Frei85 |c DE-627 |d DE-Frei85 | ||
| LOK | |0 852 |a DE-Frei85 | ||
| LOK | |0 852 1 |m p |9 00 | ||
| LOK | |0 938 |k p | ||
| LOK | |0 939 |a 03-07-19 |b l01 | ||
| ORI | |a SA-MARC-krimdoka001.raw | ||
| SIG | |a UB: KB 9 E 2647 | ||
